[Event "USA-chT Amateur East"]
[Site "Parsippany"]
[Date "2001.02.19"]
[Round "6"]
[White "Robovic, Saudin"]
[Black "Pinto, Mark A"]
[Result "1/2-1/2"]
[WhiteElo "2357"]
[BlackElo "2136"]
[PlyCount "28"]
[EventDate "2001.02.17"]
[EventType "team"]
[EventRounds "6"]
[EventCountry "USA"]
[SourceTitle "EXT 2002"]
[Source "ChessBase"]
[SourceDate "2001.11.25"]
[SourceVersion "1"]
[SourceVersionDate "2001.11.25"]
[SourceQuality "1"]

1. e4 c5 2. Nf3 e6 3. b3 Nc6 4. Bb2 d5 5. exd5 exd5 6. d4 Nf6 7. Be2 Be7 8. 0-0 0-0 9. c4 cxd4 10. Nxd4 Nxd4 11. Qxd4 dxc4 12. Bxc4 Qxd4 13. Bxd4 Rd8 14. Bb2 Bf5 1/2-1/2

[Event "USA-chT Amateur East"]
[Site "Parsippany"]
[Date "2000.03.20"]
[Round "4"]
[White "Santana, Joan"]
[Black "Robovic, Saudin"]
[Result "0-1"]
[WhiteElo "2180"]
[BlackElo "2348"]
[PlyCount "81"]
[EventDate "2000.03.19"]
[EventType "team"]
[EventRounds "6"]
[EventCountry "USA"]
[SourceTitle "EXT 2001"]
[Source "ChessBase"]
[SourceDate "2000.11.22"]
[SourceVersion "1"]
[SourceVersionDate "2000.11.22"]
[SourceQuality "1"]

1. d4 Nf6 2. c4 g6 3. Nc3 Bg7 4. e4 d6 5. f4 0-0 6. Nf3 c5 7. d5 e6 8. Be2 exd5 9. cxd5 Bg4 10. 0-0 Nbd7 11. Nd2 Bxe2 12. Qxe2 Re8 13. Qf3 Qe7 14. Re1 b5 15. Nxb5 Nb6 16. a4 Nbxd5 17. Nc4 Rad8 18. e5 dxe5 19. fxe5 Nh5 20. e6 fxe6 21. Bd2 a6 22. Nbd6 Rf8 23. Qg4 Bd4+ 24. Kh1 Nhf6 25. Qxe6+ Qxe6 26. Rxe6 Ng4 27. h3 Nf2+ 28. Kh2 Nd3 29. Bg5 Rb8 30. Ra3 Nxb2 31. Nxb2 Rxb2 32. Bh6 Bg7 33. Bxg7 Kxg7 34. Ne4 Rxg2+ 35. Kxg2 Nf4+ 36. Kg3 Nxe6 37. Rb3 Rf4 38. Ng5 Rf6 39. Ne4 Rf7 40. Rb6 Nd4 41. Nxc5 0-1

[Event "Fan Adams Int f-B"]
[Site "New York"]
[Date "1999.06.25"]
[Round "2"]
[White "Robovic, Saudin"]
[Black "Lapshun, Yury"]
[Result "1-0"]
[WhiteElo "2329"]
[BlackElo "2455"]
[PlyCount "119"]
[EventDate "1999.06.??"]
[EventType "schev"]
[EventRounds "4"]
[EventCountry "USA"]
[EventCategory "4"]
[SourceTitle "EXT 2000"]
[Source "ChessBase"]
[SourceDate "1999.11.16"]
[SourceVersion "1"]
[SourceVersionDate "1999.11.16"]
[SourceQuality "1"]

1. e4 c5 2. b3 Nc6 3. Bb2 d6 4. Bb5 Bd7 5. Nf3 e5 6. 0-0 g5 7. d4 cxd4 8. c3 g4 9. Nfd2 dxc3 10. Nxc3 Nd4 11. Bxd7+ Qxd7 12. Nd5 Bg7 13. Rc1 Rc8 14. Rxc8+ Qxc8 15. Nc4 Qd7 16. Nce3 Nh6 17. Bxd4 exd4 18. Nc2 0-0 19. Nxd4 Rd8 20. Nf5 Qe6 21. Nxh6+ Qxh6 22. Qxg4 Qe6 23. h3 Re8 24. Rc1 h5 25. Qg5 Qe5 26. Qxe5 Rxe5 27. Rc8+ Kh7 28. f3 f5 29. Rc7 fxe4 30. fxe4 Kh6 31. Re7 Rxe7 32. Nxe7 Kg5 33. Nd5 Bd4+ 34. Kf1 Kh4 35. Nf4 Be3 36. Nd5 Bd4 37. Ne7 Bc5 38. Nf5+ Kg5 39. g3 d5 40. Ng7 Bd6 41. exd5 Bxg3 42. Kg2 Be5 43. Ne6+ Kf5 44. Kf3 Bh2 45. Nc5 b5 46. Ne4 Be5 47. Ke3 Bh2 48. d6 Bg1+ 49. Kf3 Ke5 50. d7 Bb6 51. Nc5 Kd4 52. Ne6+ Kc3 53. Ke4 Kb2 54. Kd5 Kxa2 55. Kc6 b4 56. Nc7 Bxc7 57. Kxc7 Kxb3 58. d8Q a5 59. Kb6 a4 60. Qd3+ 1-0

[Event "Marshall CC Winter"]
[Site "New York"]
[Date "1998.12.20"]
[Round "9"]
[White "Robovic, Saudin"]
[Black "Ashley, Maurice"]
[Result "0-1"]
[WhiteElo "2330"]
[BlackElo "2490"]
[PlyCount "64"]
[EventDate "1998.12.??"]
[EventType "tourn"]
[EventRounds "9"]
[EventCountry "USA"]
[EventCategory "7"]
[SourceTitle "EXT 2000"]
[Source "ChessBase"]
[SourceDate "1999.11.16"]
[SourceVersion "1"]
[SourceVersionDate "1999.11.16"]
[SourceQuality "1"]

1. e4 c5 2. Nf3 d6 3. d4 cxd4 4. Nxd4 Nf6 5. Nc3 a6 6. Bc4 e6 7. Bb3 b5 8. 0-0 b4 9. Na4 Bd7 10. f4 Nc6 11. f5 e5 12. Ne6 fxe6 13. fxe6 Bc8 14. Bg5 Be7 15. Bxf6 Bxf6 16. Rxf6 Qxf6 17. Qd5 Bb7 18. Nc5 Rf8 19. Qd2 0-0-0 20. Nxb7 Kxb7 21. Bd5 Kc7 22. a3 Qf4 23. Qe2 bxa3 24. Qxa6 Qf2+ 25. Kh1 Qb6 26. Qxb6+ Kxb6 27. Bxc6 axb2 28. Rb1 Kxc6 29. e7 Rb8 30. exf8Q Rxf8 31. Kg1 Rb8 32. Kf2 Kc5 0-1

[Event "Marshall CC Winter"]
[Site "New York"]
[Date "1998.12.18"]
[Round "7"]
[White "Robovic, Saudin"]
[Black "Paschall, William M"]
[Result "1-0"]
[WhiteElo "2330"]
[BlackElo "2365"]
[PlyCount "97"]
[EventDate "1998.12.??"]
[EventType "tourn"]
[EventRounds "9"]
[EventCountry "USA"]
[EventCategory "7"]
[SourceTitle "EXT 2000"]
[Source "ChessBase"]
[SourceDate "1999.11.16"]
[SourceVersion "1"]
[SourceVersionDate "1999.11.16"]
[SourceQuality "1"]

1. e4 c5 2. d4 cxd4 3. c3 dxc3 4. Nf3 Nc6 5. Bc4 d6 6. Nxc3 a6 7. 0-0 Nf6 8. Bg5 e6 9. Qe2 Be7 10. Rfd1 Qc7 11. Rac1 Qb8 12. b4 0-0 13. b5 axb5 14. Nxb5 Bd7 15. Bxf6 Bxf6 16. Nxd6 Ne5 17. Bb3 Nxf3+ 18. Qxf3 Be5 19. Nc4 Bc6 20. Nb6 Bxh2+ 21. Kh1 Bf4 22. Rxc6 bxc6 23. Nxa8 Be5 24. Qg4 Kh8 25. f4 f5 26. exf5 exf5 27. Qf3 Bf6 28. Qxc6 Qxf4 29. Qd5 Qh4+ 30. Kg1 Rd8 31. Qf3 Bd4+ 32. Kf1 Qh2 33. g3 Qg1+ 34. Ke2 Qh2+ 35. Kf1 Qg1+ 36. Ke2 Qh2+ 37. Kf1 f4 38. gxf4 Qg1+ 39. Ke2 Qg6 40. Nc7 Qb6 41. Qe4 Qxc7 42. Rxd4 Rb8 43. Bc2 g6 44. Qe5+ Qxe5+ 45. fxe5 Rb2 46. Kd3 Rxa2 47. Rd7 Ra1 48. e6 Kg8 49. Rd8+ 1-0

[Event "Marshall CC Winter"]
[Site "New York"]
[Date "1998.12.12"]
[Round "1"]
[White "Robovic, Saudin"]
[Black "Stripunsky, Alexander"]
[Result "0-1"]
[WhiteElo "2330"]
[BlackElo "2520"]
[PlyCount "62"]
[EventDate "1998.12.??"]
[EventType "tourn"]
[EventRounds "9"]
[EventCountry "USA"]
[EventCategory "7"]
[SourceTitle "EXT 2000"]
[Source "ChessBase"]
[SourceDate "1999.11.16"]
[SourceVersion "1"]
[SourceVersionDate "1999.11.16"]
[SourceQuality "1"]

1. e4 c6 2. d3 d5 3. Nd2 g6 4. Ngf3 Bg7 5. g3 Nf6 6. Bg2 dxe4 7. dxe4 Na6 8. 0-0 0-0 9. Qe2 Nc5 10. Rd1 Qc7 11. Nc4 Be6 12. Bf4 Qc8 13. Ng5 b5 14. Ne5 Nh5 15. Qe3 Na4 16. b3 Nb6 17. Qc5 Nxf4 18. gxf4 Nd7 19. Nxd7 Bxd7 20. e5 h6 21. Qxe7 Bg4 22. Nf3 Qf5 23. Qb4 Rad8 24. Rxd8 Rxd8 25. Re1 Bf8 26. Qa5 Bxf3 27. Bxf3 Rd4 28. Qxa7 Rxf4 29. Bxc6 Qxc2 30. Bd5 Bc5 31. Qb8+ Kg7 0-1

[Event "New York Manhattan"]
[Site "New York"]
[Date "1998.10.11"]
[Round "4"]
[White "Vulicevic, Nenad"]
[Black "Robovic, Saudin"]
[Result "0-1"]
[WhiteElo "2370"]
[BlackElo "2330"]
[PlyCount "90"]
[EventDate "1998.10.??"]
[EventType "tourn"]
[EventRounds "9"]
[EventCountry "USA"]
[EventCategory "8"]
[SourceTitle "EXT 1999"]
[Source "ChessBase"]
[SourceDate "1998.11.16"]
[SourceVersion "1"]
[SourceVersionDate "1998.11.16"]
[SourceQuality "1"]

1. Nf3 c5 2. c4 Nc6 3. g3 g6 4. Nc3 Bg7 5. Bg2 e6 6. 0-0 Nge7 7. d3 b6 8. e4 0-0 9. Be3 d5 10. exd5 exd5 11. cxd5 Nb4 12. d6 Ned5 13. Bg5 Qxd6 14. Ne4 Qd7 15. a3 Nc6 16. Qd2 Ba6 17. Rad1 Rfe8 18. Rfe1 Rac8 19. h4 f5 20. Nc3 Nf6 21. Rxe8+ Rxe8 22. d4 cxd4 23. Nxd4 Nxd4 24. Be3 Ng4 25. Bxd4 Qxd4 26. Qxd4 Bxd4 27. Bd5+ Kg7 28. Rxd4 Re1+ 29. Kg2 Bf1+ 30. Kf3 h6 31. Bb3 Ne5+ 32. Kf4 Nd3+ 33. Kf3 Ne5+ 34. Kf4 Nd3+ 35. Kf3 Re7 36. Nd1 g5 37. hxg5 hxg5 38. g4 Ne5+ 39. Kg3 f4+ 40. Rxf4 gxf4+ 41. Kxf4 Nd3+ 42. Kg5 Ne5 43. Ne3 Bd3 44. f4 Nf3+ 45. Kh5 Rxe3 0-1

[Event "New York Manhattan"]
[Site "New York"]
[Date "1998.10.10"]
[Round "3"]
[White "Robovic, Saudin"]
[Black "Waitzkin, Joshua"]
[Result "1/2-1/2"]
[WhiteElo "2330"]
[BlackElo "2480"]
[PlyCount "37"]
[EventDate "1998.10.??"]
[EventType "tourn"]
[EventRounds "9"]
[EventCountry "USA"]
[EventCategory "8"]
[SourceTitle "EXT 1999"]
[Source "ChessBase"]
[SourceDate "1998.11.16"]
[SourceVersion "1"]
[SourceVersionDate "1998.11.16"]
[SourceQuality "1"]

1. e4 c5 2. Nf3 Nc6 3. d4 cxd4 4. Nxd4 e5 5. Nb5 d6 6. N1c3 a6 7. Na3 b5 8. Nd5 Nce7 9. c4 Nxd5 10. exd5 bxc4 11. Nxc4 Nf6 12. Bd2 Bd7 13. Ba5 Qb8 14. Rc1 Be7 15. Be2 0-0 16. 0-0 Bd8 17. b4 Bf5 18. Bxd8 Rxd8 19. Na5 1/2-1/2

[Event "New York Manhattan"]
[Site "New York"]
[Date "1998.10.08"]
[Round "1"]
[White "Ashley, Maurice"]
[Black "Robovic, Saudin"]
[Result "1-0"]
[WhiteElo "2490"]
[BlackElo "2330"]
[PlyCount "85"]
[EventDate "1998.10.??"]
[EventType "tourn"]
[EventRounds "9"]
[EventCountry "USA"]
[EventCategory "8"]
[SourceTitle "EXT 1999"]
[Source "ChessBase"]
[SourceDate "1998.11.16"]
[SourceVersion "1"]
[SourceVersionDate "1998.11.16"]
[SourceQuality "1"]

1. e4 c5 2. Nf3 d6 3. d4 cxd4 4. Nxd4 Nf6 5. Nc3 a6 6. Be3 e6 7. f3 Be7 8. Qd2 Nc6 9. 0-0-0 Qc7 10. g4 Nd7 11. g5 Nc5 12. h4 Rb8 13. h5 b5 14. Nxc6 Qxc6 15. Ne2 b4 16. Kb1 Na4 17. b3 Nc5 18. Nd4 Qc7 19. Bg2 a5 20. f4 a4 21. e5 axb3 22. cxb3 Bd7 23. exd6 Qxd6 24. Nc6 Bxc6 25. Qxd6 Bxd6 26. Bxc6+ Ke7 27. Bxc5 Bxc5 28. Rd7+ Kf8 29. Rhd1 Be7 30. Ra7 Bc5 31. Rc7 Bb6 32. Rcd7 Rc8 33. Rb7 Rxc6 34. Rb8+ Ke7 35. Rxh8 Be3 36. Rxh7 Bxf4 37. Rxg7 Kf8 38. h6 Be5 39. Rd8+ Ke7 40. Ra8 Rc3 41. Ra7+ Kd6 42. Rgxf7 Rg3 43. Ra6+ 1-0

[Event "Nassau CC-ch"]
[Site "Long Island"]
[Date "1996.??.??"]
[Round "?"]
[White "Robovic, Saudin"]
[Black "Mirabile, Tim"]
[Result "1-0"]
[WhiteElo "2405"]
[BlackElo "2205"]
[PlyCount "67"]
[EventDate "1996.??.??"]
[EventType "swiss"]
[EventRounds "9"]
[EventCountry "USA"]
[SourceTitle "EXT 2002"]
[Source "ChessBase"]
[SourceDate "2001.11.25"]
[SourceVersion "1"]
[SourceVersionDate "2001.11.25"]
[SourceQuality "1"]

1. e4 c5 2. Nf3 d6 3. d4 cxd4 4. Nxd4 Nf6 5. Nc3 a6 6. Bc4 e6 7. Bb3 b5 8. 0-0 Be7 9. Qf3 Qc7 10. Qg3 Nc6 11. Nxc6 Qxc6 12. Re1 Bb7 13. a3 0-0 14. Bh6 Ne8 15. Rad1 Kh8 16. Bg5 Bxg5 17. Qxg5 Nf6 18. Rd3 Rad8 19. Rf3 Qc5 20. Qh4 Qh5 21. Qxh5 Nxh5 22. Rd3 Rd7 23. Rd4 Bc6 24. a4 Nf6 25. axb5 axb5 26. Ra1 Rb8 27. Ra6 Rc7 28. Rxd6 b4 29. Raxc6 bxc3 30. Rxc7 cxb2 31. Rd1 Ra8 32. Ba2 Rxa2 33. Rc8+ Ng8 34. Rxg8+ 1-0

[Event "Nassau CC-ch"]
[Site "Long Island"]
[Date "1996.??.??"]
[Round "?"]
[White "Robovic, Saudin"]
[Black "Shapiro, Daniel E"]
[Result "0-1"]
[WhiteElo "2405"]
[BlackElo "2275"]
[PlyCount "82"]
[EventDate "1996.??.??"]
[EventType "swiss"]
[EventRounds "9"]
[EventCountry "USA"]
[SourceTitle "EXT 2002"]
[Source "ChessBase"]
[SourceDate "2001.11.25"]
[SourceVersion "1"]
[SourceVersionDate "2001.11.25"]
[SourceQuality "1"]

1. e4 c5 2. Nf3 e6 3. d4 cxd4 4. Nxd4 Nf6 5. Nc3 d6 6. Be3 a6 7. Qd2 Be7 8. f3 b5 9. a4 b4 10. Na2 a5 11. c3 bxc3 12. Nxc3 0-0 13. Bb5 Bb7 14. 0-0 d5 15. e5 Nfd7 16. f4 Bc5 17. Rac1 Qb6 18. Rfd1 Nc6 19. Nce2 Rac8 20. Qe1 Ba6 21. Rxc5 Nxc5 22. Nxc6 Rxc6 23. Bxc6 Qxc6 24. Rc1 Bc4 25. Nd4 Qxa4 26. Ra1 Qb4 27. Bd2 Qxb2 28. Bc3 Qb7 29. f5 exf5 30. Nxf5 Bd3 31. Nd6 Qc6 32. Rxa5 Ne4 33. Bd4 Rb8 34. Ra1 Nxd6 35. exd6 Qxd6 36. Qc3 Be4 37. g3 Qg6 38. Qc7 Re8 39. Qd7 f6 40. Rc1 Bf3 41. Rf1 Qe4 0-1

[Event "Donau op 04th"]
[Site "Aschach"]
[Date "1995.??.??"]
[Round "7"]
[White "Robovic, Saudin"]
[Black "Mahdy, Khaled"]
[Result "1-0"]
[WhiteElo "2410"]
[BlackElo "2425"]
[PlyCount "68"]
[EventDate "1995.12.??"]
[EventType "swiss"]
[EventRounds "7"]
[EventCountry "AUT"]
[SourceTitle "EXT 1997"]
[Source "ChessBase"]
[SourceDate "1996.11.15"]
[SourceVersion "1"]
[SourceVersionDate "1996.11.15"]
[SourceQuality "1"]

1. e4 e5 2. Nf3 Nc6 3. d4 exd4 4. Nxd4 Nf6 5. Nxc6 bxc6 6. e5 Qe7 7. Qe2 Nd5 8. c4 Nb6 9. b3 Bb7 10. Bb2 0-0-0 11. Nd2 g5 12. e6 Rg8 13. exd7+ Nxd7 14. Qxe7 Bxe7 15. Bd3 Bf6 16. 0-0-0 h5 17. Bf5 Kb8 18. Bxd7 Bxb2+ 19. Kxb2 Rxd7 20. Ne4 Re7 21. Nf6 Re2+ 22. Kc3 Rg6 23. Rd8+ Bc8 24. Nd7+ Kb7 25. Nc5+ Kb8 26. Rd2 Rxd2 27. Kxd2 g4 28. Re1 h4 29. Re8 g3 30. hxg3 hxg3 31. f4 Rh6 32. Ke3 a5 33. Kf3 Rg6 34. Rf8 f6 1-0

[Event "Donau op 04th"]
[Site "Aschach"]
[Date "1995.??.??"]
[Round "5"]
[White "Robovic, Saudin"]
[Black "Todor, Razvan"]
[Result "1-0"]
[WhiteElo "2410"]
[BlackElo "2115"]
[PlyCount "81"]
[EventDate "1995.12.??"]
[EventType "swiss"]
[EventRounds "7"]
[EventCountry "AUT"]
[SourceTitle "EXT 1997"]
[Source "ChessBase"]
[SourceDate "1996.11.15"]
[SourceVersion "1"]
[SourceVersionDate "1996.11.15"]
[SourceQuality "1"]

1. Nf3 c5 2. e4 d6 3. d4 cxd4 4. Nxd4 Nf6 5. Nc3 a6 6. Bc4 e6 7. Bb3 Be7 8. 0-0 0-0 9. g4 Nc6 10. Nxc6 bxc6 11. g5 Nd7 12. f4 Nc5 13. Be3 Nxb3 14. axb3 d5 15. Qh5 dxe4 16. Rad1 Qa5 17. Nxe4 Qf5 18. Qf3 Rb8 19. Rd2 c5 20. Ng3 Qh3 21. Qh5 Qxh5 22. Nxh5 Bb7 23. Rd7 Rfe8 24. f5 Bc8 25. Rxe7 Rxe7 26. f6 Rd7 27. fxg7 Rd8 28. Bxc5 Bb7 29. Bf8 Rxf8 30. gxf8Q+ Kxf8 31. Kf2 Ke7 32. Ke3 Bg2 33. Ra1 Rb5 34. h4 h6 35. Nf4 Re5+ 36. Kd2 Bb7 37. gxh6 Kf8 38. Rg1 Be4 39. Rg5 Rxg5 40. hxg5 Bf3 41. b4 1-0

[Event "Wattens op 09th"]
[Site "Wattens"]
[Date "1994.??.??"]
[Round "8"]
[White "Ciolac, Gheorghe"]
[Black "Robovic, Saudin"]
[Result "0-1"]
[WhiteElo "2390"]
[BlackElo "2415"]
[PlyCount "104"]
[EventDate "1994.??.??"]
[EventType "swiss"]
[EventRounds "9"]
[EventCountry "AUT"]
[SourceTitle "EXT 2000"]
[Source "ChessBase"]
[SourceDate "1999.11.16"]
[SourceVersion "1"]
[SourceVersionDate "1999.11.16"]
[SourceQuality "1"]

1. e4 c5 2. Nc3 e6 3. Nge2 a6 4. g3 Nc6 5. Bg2 Nf6 6. 0-0 Be7 7. d4 cxd4 8. Nxd4 Qc7 9. Be3 0-0 10. Qe2 Rb8 11. a4 Ne5 12. h3 d6 13. f4 Nc4 14. e5 Nd7 15. Ndb5 axb5 16. Nxb5 Qa5 17. Qxc4 dxe5 18. fxe5 Nxe5 19. Qf4 f6 20. Bd4 Bd7 21. Bxe5 fxe5 22. Qg4 Rxf1+ 23. Rxf1 Rf8 24. Rxf8+ Bxf8 25. c3 Qb6+ 26. Kh2 Qf2 27. Qf3 Qxf3 28. Bxf3 Bxb5 29. axb5 b6 30. Be4 g6 31. Kg2 Bh6 32. Kf3 Kf7 33. Ke2 Ke7 34. h4 Kd6 35. g4 Bc1 36. b3 Bf4 37. Kf3 Bd2 38. c4 Kc5 39. g5 Kd4 40. Bb1 Bc1 41. Be4 Bd2 42. Bc2 Be1 43. Kg4 e4 44. h5 Bb4 45. h6 Bd6 46. Bb1 Bc5 47. Kf4 Bd6+ 48. Kg4 Be7 49. Bc2 e5 50. b4 Bxb4 51. Kg3 Be7 52. Kg4 e3 0-1

[Event "FRA-ch op FIDE"]
[Site "Paris"]
[Date "1994.??.??"]
[Round "4"]
[White "Gofshtein, Leonid D"]
[Black "Robovic, Saudin"]
[Result "1/2-1/2"]
[WhiteElo "2525"]
[BlackElo "2410"]
[PlyCount "90"]
[EventDate "1994.??.??"]
[EventType "swiss"]
[EventRounds "9"]
[EventCountry "FRA"]
[SourceTitle "EXT 1998"]
[Source "ChessBase"]
[SourceDate "1997.11.17"]
[SourceVersion "1"]
[SourceVersionDate "1997.11.17"]
[SourceQuality "1"]

1. d4 Nf6 2. c4 g6 3. Nc3 Bg7 4. e4 d6 5. f3 0-0 6. Nge2 c5 7. Be3 Nc6 8. d5 Ne5 9. Ng3 e6 10. Be2 exd5 11. cxd5 a6 12. a4 Bd7 13. 0-0 b5 14. h3 Rb8 15. Rf2 Nc4 16. Bxc4 bxc4 17. Qc1 Re8 18. Bg5 Rb4 19. Re2 h5 20. Qf4 Qe7 21. e5 dxe5 22. Qh4 Qd6 23. Nge4 Nxe4 24. Nxe4 Qb8 25. Qf2 Bf5 26. Nxc5 Qd6 27. Rd1 Reb8 28. Be3 Bf8 29. g4 hxg4 30. fxg4 Bd3 31. Nxd3 cxd3 32. Rxd3 Rxa4 33. Rc2 Ra1+ 34. Kg2 Qb4 35. Bd2 Qa4 36. Rc7 Qe4+ 37. Qf3 Qxf3+ 38. Kxf3 Ra4 39. Ke2 e4 40. Rdc3 Rd4 41. Rc2 Rxd5 42. Rc8 Rd8 43. Rxd8 Rxd8 44. Rc6 Rb8 45. Bc3 Bg7 1/2-1/2

[Event "Wattens op 09th"]
[Site "Wattens"]
[Date "1994.??.??"]
[Round "1"]
[White "Hirmann, Peter"]
[Black "Robovic, Saudin"]
[Result "0-1"]
[WhiteElo "1795"]
[BlackElo "2415"]
[PlyCount "56"]
[EventDate "1994.??.??"]
[EventType "swiss"]
[EventRounds "9"]
[EventCountry "AUT"]
[SourceTitle "EXT 2000"]
[Source "ChessBase"]
[SourceDate "1999.11.16"]
[SourceVersion "1"]
[SourceVersionDate "1999.11.16"]
[SourceQuality "1"]

1. d4 Nf6 2. Nf3 g6 3. Bg5 Bg7 4. Nbd2 d5 5. e3 0-0 6. c4 c5 7. Bxf6 Bxf6 8. cxd5 cxd4 9. Ne4 Bg7 10. Nxd4 Qxd5 11. Nc3 Qa5 12. Qa4 Qxa4 13. Nxa4 Bxd4 14. exd4 Rd8 15. Rd1 Nc6 16. d5 Nb4 17. Bc4 Bf5 18. Nc3 Rac8 19. Be2 Nc2+ 20. Kf1 h5 21. a3 Nxa3 22. Ra1 Nc4 23. Bxc4 Rxc4 24. Rxa7 Rb4 25. Ra2 Bd3+ 26. Ke1 Bc4 27. Ra4 Rxa4 28. Nxa4 Ra8 0-1

[Event "Kecskemet"]
[Site "Kecskemet"]
[Date "1994.??.??"]
[Round "?"]
[White "Kogan, Artur"]
[Black "Robovic, Saudin"]
[Result "1/2-1/2"]
[WhiteElo "2470"]
[BlackElo "2415"]
[PlyCount "90"]
[EventDate "1994.11.??"]
[EventType "tourn"]
[EventRounds "11"]
[EventCountry "HUN"]
[EventCategory "7"]
[SourceTitle "CBM 045 Extra"]
[Source "ChessBase"]
[SourceDate "1995.05.01"]
[SourceVersion "1"]
[SourceVersionDate "1995.05.01"]
[SourceQuality "1"]

1. e4 c5 2. Nf3 d6 3. Nc3 Nf6 4. d4 cxd4 5. Nxd4 a6 6. a4 e5 7. Nf3 h6 8. Bc4 Be6 9. Bxe6 fxe6 10. Nh4 Kf7 11. f4 Nc6 12. f5 exf5 13. Nxf5 Be7 14. Nd5 Rf8 15. Nfxe7 Nxe7 16. Nxf6 gxf6 17. Bxh6 Rg8 18. 0-0 Qb6+ 19. Kh1 Rg6 20. Qh5 d5 21. Bg5 Kg7 22. a5 Qc6 23. Bxf6+ Rxf6 24. Qxe5 Ng6 25. Qxd5 Raf8 26. Rxf6 Rxf6 27. Qxc6 Rxc6 28. c3 Rd6 29. h3 Rd2 30. b4 Rc2 31. Rd1 Ne5 32. Rd5 Kf6 33. Rc5 Nd3 34. Rc7 Nf4 35. Rxb7 Rxg2 36. b5 Ra2 37. bxa6 Rxa5 38. a7 Nxh3 39. Kg2 Ng5 40. e5+ Kf5 41. Re7 Kf4 42. e6 Ra2+ 43. Kf1 Nf3 44. a8Q Rxa8 45. Ke2 Ne5 1/2-1/2

[Event "FRA-ch op FIDE"]
[Site "Paris"]
[Date "1994.??.??"]
[Round "2"]
[White "Metral, Jean Paul"]
[Black "Robovic, Saudin"]
[Result "0-1"]
[WhiteElo "2295"]
[BlackElo "2410"]
[PlyCount "58"]
[EventDate "1994.??.??"]
[EventType "swiss"]
[EventRounds "9"]
[EventCountry "FRA"]
[SourceTitle "EXT 1998"]
[Source "ChessBase"]
[SourceDate "1997.11.17"]
[SourceVersion "1"]
[SourceVersionDate "1997.11.17"]
[SourceQuality "1"]

1. e4 c5 2. Nf3 e6 3. d4 cxd4 4. Nxd4 a6 5. c4 Nf6 6. Nc3 Qc7 7. Be2 b6 8. Be3 Bb7 9. Qc2 Bb4 10. f3 0-0 11. 0-0 Nc6 12. Nb3 Ne5 13. Na4 b5 14. Nb6 Rab8 15. a3 Be7 16. a4 bxc4 17. a5 d5 18. exd5 Nxd5 19. Nxd5 Bxd5 20. Nd4 Bc5 21. Bf2 Rb4 22. f4 Ng6 23. f5 exf5 24. Nxf5 Nf4 25. Qd2 Bxg2 26. Bg4 Bxf1 27. Rxf1 Rb3 28. Bxc5 Qxc5+ 29. Kh1 Qd5+ 0-1

[Event "Ticino op"]
[Site "Ticino"]
[Date "1994.??.??"]
[Round "4"]
[White "Robovic, Saudin"]
[Black "Cirabisi, Federico"]
[Result "1-0"]
[WhiteElo "2415"]
[BlackElo "2240"]
[PlyCount "57"]
[EventDate "1994.??.??"]
[EventType "swiss"]
[EventRounds "7"]
[EventCountry "SUI"]
[SourceTitle "EXT 1997"]
[Source "ChessBase"]
[SourceDate "1996.11.15"]
[SourceVersion "1"]
[SourceVersionDate "1996.11.15"]
[SourceQuality "1"]

1. e4 d5 2. exd5 Nf6 3. d4 Bg4 4. Be2 Bxe2 5. Nxe2 Nxd5 6. 0-0 e6 7. c4 Nb6 8. b3 Be7 9. Be3 0-0 10. Nbc3 Bf6 11. Qc2 Nc6 12. Rad1 Qe7 13. Ne4 Rfe8 14. Rd2 Nd7 15. Qd1 Rad8 16. Nf4 g6 17. Nxf6+ Nxf6 18. Qf3 e5 19. dxe5 Nxe5 20. Qxb7 Rxd2 21. Bxd2 Rd8 22. Bc3 g5 23. Ne2 Rd3 24. Qc8+ Rd8 25. Qf5 Nfd7 26. Ng3 Ng6 27. Ne4 Re8 28. Re1 Kf8 29. Qxg5 1-0

[Event "Kecskemet"]
[Site "Kecskemet"]
[Date "1994.??.??"]
[Round "?"]
[White "Robovic, Saudin"]
[Black "Gyimesi, Zoltan"]
[Result "0-1"]
[WhiteElo "2415"]
[BlackElo "2430"]
[PlyCount "86"]
[EventDate "1994.11.??"]
[EventType "tourn"]
[EventRounds "11"]
[EventCountry "HUN"]
[EventCategory "7"]
[SourceTitle "CBM 045 Extra"]
[Source "ChessBase"]
[SourceDate "1995.05.01"]
[SourceVersion "1"]
[SourceVersionDate "1995.05.01"]
[SourceQuality "1"]

1. c4 e6 2. Nf3 d5 3. b3 c5 4. Bb2 Nc6 5. g3 d4 6. Bg2 e5 7. 0-0 Nf6 8. e3 Be7 9. exd4 exd4 10. a3 0-0 11. Re1 a5 12. d3 h6 13. h3 Bd6 14. Nbd2 Bf5 15. Ne4 Nxe4 16. dxe4 Be6 17. a4 Qd7 18. Kh2 Rae8 19. Re2 f6 20. Ne1 g5 21. Nd3 Ne5 22. Qd2 Nxd3 23. Qxd3 Qg7 24. Rf1 Re7 25. Bc1 Rfe8 26. Bd2 b6 27. f4 Bf7 28. Qf3 Bc7 29. Rfe1 Bg6 30. h4 gxf4 31. gxf4 Qf7 32. Bh3 Kh8 33. Kh1 Bh5 34. Bg4 Bxg4 35. Qxg4 Rg8 36. Qf5 Qg7 37. Qh3 Qg3 38. Qxg3 Rxg3 39. e5 fxe5 40. fxe5 Kh7 41. Rf2 Rxb3 42. e6 Bd6 43. Re4 Rg7 0-1

[Event "Formia op"]
[Site "Formia"]
[Date "1994.??.??"]
[Round "4"]
[White "Robovic, Saudin"]
[Black "Manca, Federico"]
[Result "1-0"]
[WhiteElo "2410"]
[BlackElo "2370"]
[PlyCount "120"]
[EventDate "1994.??.??"]
[EventType "swiss"]
[EventRounds "9"]
[EventCountry "ITA"]
[SourceTitle "EXT 1999"]
[Source "ChessBase"]
[SourceDate "1998.11.16"]
[SourceVersion "1"]
[SourceVersionDate "1998.11.16"]
[SourceQuality "1"]

1. Nf3 g6 2. d4 Bg7 3. c3 Nf6 4. Bg5 d5 5. Nbd2 Nbd7 6. e3 0-0 7. Be2 Re8 8. Bf4 Nh5 9. Be5 f6 10. Bg3 Nxg3 11. hxg3 e5 12. Qb3 Nf8 13. dxe5 fxe5 14. e4 c6 15. Rd1 Be6 16. Qxb7 Qb6 17. Qxb6 axb6 18. a3 Bf6 19. 0-0 Nd7 20. Rfe1 d4 21. Rc1 c5 22. Bb5 Re7 23. Nc4 Rb8 24. b4 Bxc4 25. Bxc4+ Kg7 26. Bb5 Ra8 27. cxd4 exd4 28. bxc5 bxc5 29. a4 Kf8 30. Nd2 Nb6 31. Nc4 Nxc4 32. Rxc4 d3 33. Rxc5 Rd8 34. Rd1 Rxe4 35. Rxd3 Rxd3 36. Bxd3 Rxa4 37. Rc8+ Kg7 38. Rc7+ Kh8 39. Kh2 Rd4 40. Bc2 Kg8 41. f4 Rb4 42. Kh3 Rd4 43. Bb3+ Kh8 44. Rf7 Rd6 45. Rb7 Rd3 46. Kh2 Bd4 47. Bc2 Rc3 48. Be4 Re3 49. Bf3 Bc5 50. Rc7 Bd6 51. Rd7 Be7 52. g4 Kg7 53. g5 h6 54. gxh6+ Kxh6 55. Kg3 Bb4 56. Kg4 Be1 57. Rd6 Rc3 58. Re6 Bf2 59. f5 Rc4+ 60. Be4 Kh7 1-0